NYC Q Train Subway Stations (Harder Version) - Statistics

General Stats
  • This quiz has been taken 39 times
  • The average score is 25 of 29
Answer Stats
Borough Neighborhood Station Transfers % Correct
Manhattan Union Square 14th Street–Union Square N, R, W, L, 4, 5, 6
96%
Manhattan Upper East Side 72nd Street
96%
Manhattan Upper East Side 86th Street
96%
Manhattan Upper East Side 96th Street
96%
Manhattan Times Square Times Square–42nd Street S, N, R, W, 1, 2, 3, 7
96%
Manhattan Midtown 34th Street–Herald Square B, D, F, M, N, R, W
92%
Brooklyn Downtown Atlantic Avenue–Barclays Center D, N, R, B, 2, 3, 4, 5
92%
Manhattan Upper East Side Lexington Avenue–63rd Street F
92%
Manhattan Midtown 57th Street–Seventh Avenue N, R, W
88%
Brooklyn Brighton Beach Brighton Beach B
88%
Manhattan Chinatown Canal Street N, R, W, 6, J
88%
Brooklyn Coney Island Coney Island–Stillwell Avenue D, F, N
88%
Brooklyn Midwood Avenue H
84%
Brooklyn Midwood Avenue M
84%
Brooklyn Flatbush Church Avenue B
84%
Brooklyn Downtown DeKalb Avenue B, R
84%
Brooklyn Flatbush Prospect Park B, S
84%
Brooklyn Sheepshead Bay Sheepshead Bay B
84%
Brooklyn Midwood Avenue J
80%
Brooklyn Homecrest Avenue U
80%
Brooklyn Flatbush Cortelyou Road
80%
Brooklyn Midwood Kings Highway B
80%
Brooklyn Ditmas Park Newkirk Plaza B
80%
Brooklyn Homecrest Neck Road
76%
Brooklyn Brighton Beach Ocean Parkway
76%
Brooklyn Prospect Lefferts Gardens Parkside Avenue
76%
Brooklyn Coney Island West Eighth Street–New York Aquarium F
76%
Brooklyn Flatbush Beverley Road
72%
Brooklyn Park Slope Seventh Avenue B
68%
No matching quizzes found
Score Distribution
Percent of People with Each Score
Percentile by Number Answered
Your Score History
You have not taken this quiz